Circular Facilities (London) Ltd v Sevenoaks DC: the first ruling on an appeal against a remediation noticed under the contaminated land regime (Record no. 74563)

MARC details
000 -LEADER
fixed length control field 01642cab a2200253 4500
001 - CONTROL NUMBER
control field ABS68340
008 - FIXED-LENGTH DATA ELEMENTS--GENERAL INFORMATION
fixed length control field 041007n2004 000 0 eng u
035 ## - SYSTEM CONTROL NUMBER
System control number (Sirsi) u127655
100 ## - MAIN ENTRY--PERSONAL NAME
Personal name Fogleman, V.
245 ## - TITLE STATEMENT
Title Circular Facilities (London) Ltd v Sevenoaks DC: the first ruling on an appeal against a remediation noticed under the contaminated land regime
260 ## - PUBLICATION, DISTRIBUTION, ETC.
Date of publication, distribution, etc. 2004
490 ## - SERIES STATEMENT
Series statement Journal of Planning and Environment Law
Volume/sequential designation October 2004, 1319-1329(11)
520 ## - SUMMARY, ETC.
Summary, etc. Discusses the reasons behind and the outcome of the first prosecution under the Environmental Protection Act 1990 Part IIA involving a remediation notice. "Circular Facilities (London) Ltd v Sevenoaks DC" (Sevenoaks Magistrate Court, 15 June 2004) dismissed an appeal by C confirming a remediation notice served on C by S. The case is concerned with the interpretation of the knowingly permitted part of the term that establishes primary liability under Part IIA of the 1990 Act. In the absence of case law, the court referred to guidance set out in DETR Circular 02/2000. Draws several conclusions from this landmark case including the principle that it is sufficient that if a person knows about the presence of contaminates and fails to remove them, he/she is liable for prosecution.
590 ## - LOCAL NOTE (RLIN)
Local note ABS
650 ## - SUBJECT ADDED ENTRY--TOPICAL TERM
Topical term or geographic name entry element CIRCULAR FACILITIES (LONDON) LTD V SEVENOAKS DC
650 ## - SUBJECT ADDED ENTRY--TOPICAL TERM
Topical term or geographic name entry element DETR CIRCULAR 02/2000
650 ## - SUBJECT ADDED ENTRY--TOPICAL TERM
Topical term or geographic name entry element ENVIRONMENTAL PROTECTION ACT 1990 PART IIA
650 ## - SUBJECT ADDED ENTRY--TOPICAL TERM
Topical term or geographic name entry element REMEDIATION NOTICES
650 ## - SUBJECT ADDED ENTRY--TOPICAL TERM
Topical term or geographic name entry element KNOWINGLY PERMITTED
650 ## - SUBJECT ADDED ENTRY--TOPICAL TERM
Topical term or geographic name entry element LIABILITY
650 ## - SUBJECT ADDED ENTRY--TOPICAL TERM
Topical term or geographic name entry element CONTAMINATED LAND
690 ## - LOCAL SUBJECT ADDED ENTRY--TOPICAL TERM (OCLC, RLIN)
Topical term or geographic name as entry element ENVIRONMENT-CONTAMINATION-CASE LAW
942 ## - ADDED ENTRY ELEMENTS (KOHA)
Suppress in OPAC 0
Holdings
Withdrawn status Lost status Source of classification or shelving scheme Damaged status Not for loan Home library Current library Shelving location Date acquired Total Checkouts Full call number Barcode Date last seen Copy number Price effective from Koha item type
    Dewey Decimal Classification     London London Journal article 07/10/2004   ABS68340 127655-1001 06/08/2019 1 06/08/2019 Journal article